Fire risk appraisal of external wall construction and cladding of existing blocks of flats. Code of practice. (Record no. 121537)
[ view plain ]
| 000 -LEADER | |
|---|---|
| fixed length control field | 02043nam a22004457i 4500 |
| 001 - CONTROL NUMBER | |
| control field | 020453379 |
| 003 - CONTROL NUMBER IDENTIFIER | |
| control field | Uk |
| 005 - DATE AND TIME OF LATEST TRANSACTION | |
| control field | 20250804142604.0 |
| 006 - FIXED-LENGTH DATA ELEMENTS--ADDITIONAL MATERIAL CHARACTERISTICS--GENERAL INFORMATION | |
| fixed length control field | m || d | |
| 007 - PHYSICAL DESCRIPTION FIXED FIELD--GENERAL INFORMATION | |
| fixed length control field | cr ||||||||||| |
| 008 - FIXED-LENGTH DATA ELEMENTS--GENERAL INFORMATION | |
| fixed length control field | 230608s2022 enk|||||ou ||| ||eng |
| 020 ## - INTERNATIONAL STANDARD BOOK NUMBER | |
| Cancelled/invalid ISBN | 9780539145151 |
| 040 ## - CATALOGING SOURCE | |
| Original cataloging agency | Uk |
| 041 ## - LANGUAGE CODE | |
| Language code of text/sound track or separate title | eng |
| 082 04 - DEWEY DECIMAL CLASSIFICATION NUMBER | |
| Classification number | 602.1841 |
| 110 2# - MAIN ENTRY--CORPORATE NAME | |
| Corporate author | British Standards Institution, |
| Relator term | author. |
| 245 10 - TITLE STATEMENT | |
| Title | Fire risk appraisal of external wall construction and cladding of existing blocks of flats. Code of practice. |
| Subtitle | PAS 9980:2022 |
| Medium | [Online publication] |
| 260 ## - PUBLICATION INFORMATION | |
| Place of publication | London, |
| Publisher | British Standards Institution, |
| Date | 31 January 2022 |
| 300 ## - PHYSICAL DESCRIPTION | |
| Physical description | 1 online resource (193 pages) |
| 500 ## - GENERAL NOTE | |
| General note | PAS 9980:2022 |
| 520 ## - ABSTRACT | |
| Abstract | PAS 9980:2022 provides a methodology for the fire risk appraisal of external wall construction and cladding of existing multistorey and multi occupied residential buildings. This PAS is particularly intended for use by competent fire engineers and other competent building professionals tasked with advising on the fire risk of external wall construction of existing blocks of flats. However, it is expected that the key outputs of this appraisal will also be useful to those for whom such appraisals are carried out and those who make decisions based upon the outcome of the FRAEWs |
| 520 ## - ABSTRACT | |
| Abstract | Use in conjunction with BS 9792:2005 ISBN 9780539228823 |
| 650 #7 - KEYWORDS | |
| Keywords | BUILDING SAFETY |
| 650 #7 - KEYWORDS | |
| Keywords | CLADDING |
| 650 #7 - KEYWORDS | |
| Keywords | EXTERNAL WALL SYSTEMS |
| 650 #7 - KEYWORDS | |
| Keywords | FIRE PREVENTION |
| 650 #7 - KEYWORDS | |
| Keywords | FIRE SAFETY |
| 651 ## - SUBJECT ADDED ENTRY--GEOGRAPHIC NAME | |
| Geographic name | United Kingdom |
| 690 ## - BROAD SUBJECT | |
| 9 (RLIN) | 6223 |
| Broad subject | Building materials & defects |
| 690 ## - BROAD SUBJECT | |
| 9 (RLIN) | 6308 |
| Broad subject | Cladding |
| 710 ## - ADDED CORPORATE NAME | |
| Added corporate author | British Standards Institution |
| 856 ## - ONLINE RESOURCE | |
| Uniform Resource Identifier | <a href="https://www.bsigroup.com/en-GB/standards/pas-9980/">https://www.bsigroup.com/en-GB/standards/pas-9980/</a> |
| Public note | Available free after filling in form from BSI |
| 942 ## - ADDED ENTRY ELEMENTS (KOHA) | |
| Suppress in OPAC | Do not suppress in OPAC |
| 336 ## - CONTENT TYPE | |
| Content type term | text |
| Source | rdacontent |
| 337 ## - MEDIA TYPE | |
| Media type term | computer |
| Source | rdamedia |
| 338 ## - CARRIER TYPE | |
| Carrier type term | online resource |
| Source | rdacarrier |
| 903 ## - LOCAL DATA ELEMENT C, LDC (RLIN) | |
| a | ELD.DS.661160 |
| Lost status | Damaged status | Not for loan | Home library | Current library | Shelving location | Date acquired | Total Checkouts | Full call number | Date last seen | Price effective from | Koha item type |
|---|---|---|---|---|---|---|---|---|---|---|---|
| Virtual | Virtual | Online | 08/06/2023 | ONLINE PUBLICATION | 08/06/2023 | 08/06/2023 | Online material |